000 02219nam2a2200253 4500
001 RU\NLR\BIBL_A\022038492
005 20231024122426.0
010 _a978-5-8038-1845-8
_bт. 1
_9300
021 _aRU
_bКН-П-23-054162
_9КН-П-23-5436
035 _a(NLR Aleph) 022038492
090 _a12561957
_c12561957
100 _a20231002d2023 k y0rusy50 ca
101 0 _arus
102 _aRU
105 _aa z 100zy
200 0 _aТ. 1
210 _d2023
215 _a488 с.
_cил., табл.
320 _aБиблиогр. в конце ст.
461 0 _1001RU\NLR\BIBL_A\022038491
_12001#$aПовышение эффективности производства и использования энергии в условиях Сибири$eматериалы Всероссийской научно-практической конференции с международным участием (г. Иркутск, 19-23 апреля 2023 г.)$eсборник материалов$eв 2 т.$fМинистерство науки и высшего образования РФ, Иркутский национальный исследовательский технический университет [и др.]$gпод общей редакцией Е. В. Самаркиной$vТ. 1
_912561954
_cИркутск
_d2023
_fМинистерство науки и высшего образования РФ, Иркутский национальный исследовательский технический университет [и др.]
_nИзд-во Иркутского национального исследовательского технического университета
_oматериалы Всероссийской научно-практической конференции с международным участием (г. Иркутск, 19-23 апреля 2023 г.) : сборник материалов : в 2 т.
_tПовышение эффективности производства и использования энергии в условиях Сибири
_y9785803808374
_vТ. 1
942 _cBOOK
980 _aNB